|
|
|
|
| LEADER |
00000cam a2200000 7i4500 |
| 001 |
0000002311 |
| 005 |
20030524.0 |
| 090 |
0 |
0 |
|a 634.92
|b FOR 1962
|
| 245 |
0 |
0 |
|a FOREST influences
|
| 260 |
0 |
0 |
|a Rome :
|b Food and Agriculture Organization of the United Nations ,
|c 1962
|
| 300 |
|
|
|a xix, 307 p. :
|b ill. ;
|c 23 cm.
|
| 440 |
0 |
0 |
|a FAO forestry and forest products studies, no. 15
|
| 500 |
0 |
0 |
|a Bibliography: p. [283]-307
|
| 650 |
0 |
0 |
|a Forest influences
|
| 710 |
1 |
1 |
|a Food and Agriculture Organization of the United Nations (FAO)
|
| 998 |
|
|
|a JPSM
|
| 999 |
|
|
|a 0000004199
|b Monograph
|c Open Shelf
|e Default branch
|